000 00629nam a22001697a 4500
008 210421b ||||| |||| 00| 0 eng d
020 _a0802849504 (pbk. : alk. paper)
020 _a9780802849502 (pbk. : alk. paper)
050 _aBS543
_b.S39 2003
100 _aScobie, Charles H. H.
245 _aThe ways of our God :
_ban approach to biblical theology /
_cCharles H.H. Scobie.
260 _aGrand Rapids, Mich. :
_bW.B. Eerdmans Pub.,
_c2003.
300 _axvii, 1038 p. ;
_c24 cm.
500 _aIncludes bibliographical references (p. 949-1021) and indexes.
630 _eBible
_xTheology.
942 _2lcc
_cBK
999 _c56197
_d56197